| 000 | 01427nam0a22004331 4500 | ||
|---|---|---|---|
| 001 | RU\NLR\A1SV\78685 | ||
| 005 | 20251203171251.9 | ||
| 035 | _a(NLR Aleph) 009760140 | ||
| 090 |
_a10014749 _c10014749 |
||
| 100 | _a20070418d1925 u y0rusy50 ca | ||
| 101 | 0 | _arus | |
| 102 | _aRU | ||
| 200 | 1 |
_aСемена и всходы сорных растений _eОписание и рисунки - 112 видов _fЛеньков, П.В. _gПредисл. проф. А.Г.Дояренко |
|
| 210 |
_aМ. _cГос. техн. изд-во _d1925 |
||
| 215 |
_a81, [3] с., 38 с. ил. _d25 см |
||
| 225 |
_aС.-х. б-ка _hСер.3 _iБ _fНауч.-техн. отд. ВСНХ _v№ IX-1 |
||
| 300 | _aНапеч. в Ленинграде | ||
| 320 | _aБиблиогр.: с.69 | ||
| 620 | _dМосква | ||
| 700 | 1 |
_aЛеньков _bП.В. _f1887- _gПетр Васильевич |
|
| 702 | 1 |
_aДояренко _bА.Г. _f1874-1958 _gАлексей Григорьевич |
|
| 801 | 0 |
_aRU _bNLR _c20070418 |
|
| 899 |
_aРНБ _j17.130.5.33-1 |
||
| 899 |
_aРНБ _j132/3447-1 |
||
| 899 | _aРКП | ||
| 899 | _aРГБ | ||
| 899 | _aНБ ТГУ | ||
| 899 | _aНБ РК | ||
| 899 | _aМГУ | ||
| 899 | _aСПбГУ | ||
| 899 | _aНГОУНБ | ||
| 899 | _aНБ Бел. | ||
| 899 | _aНБУВ | ||
| 899 | _aКирОУНБ | ||
| 942 | _cBOOK | ||
| 980 | _aNB | ||
| 980 | _aA1SV | ||
| 980 | _aA1SV | ||